000 00665cam a2200229 4500
001 ABS61981
008 000000n2000 000 0 eng u
035 _a(Sirsi) u104635
100 _aTromans, C.
245 _aData protection up to date
260 _c2000
490 _aLaw Society's Gazette
_v97(9) 2 March 2000 48(1)
520 _aSummarises the effects of the Data Protection Act 1998 which came into force on 1 March 2000.
590 _aABS
650 _aDATA PROTECTION ACT 1984
650 _aDATA PROTECTION ACT 1998
650 _aDATA
650 _aDATA PROCESSING
650 _aDATA PROTECTION COMMISSIONER
690 _aLAW
942 _n0
999 _c62778
_d62778